000 00540nam a22001577a 4500
005 20150204091231.0
008 150204b xxu||||| |||| 00| 0 eng d
020 _a9780958160537
050 _aTP 548
_b.Il27 2009
100 _aIland, Patrick.
245 _aA taste of the world of wine /
_cPatrick Iland, Peter Gago, Andrew Cailard, and Peter Dry.
260 _aAustralia :
_bPeter Iland Wine Promotions Pty Ltd.,
_cc2009.
300 _a209 pages :
_bcolored illustrations ;
_c28 cm.
650 _aWine and wine making.
942 _2lcc
_cBK
999 _c282529
_d282529